000 00893nam a2200277 a 4500
001 36107
003 BD-RjUL
005 20211209052433.0
008 140615s1975 enka b 001 0 eng
020 _a0246108541
035 _a(BD-RjUL)36204
040 _aLC
_beng
_cLC
_dNU
_dBD-RjUL
041 _aeng
082 0 4 _a351
_bIOC 1975
100 1 _aIonescu, Ghita.
_9109899
245 1 0 _aCentripetal politics :
_bgovernment and the new centres of power /
_cGhita Ionescu.
260 _aLondon :
_bHart-Davis, MacGibbon,
_c1975.
300 _ax, 231 p. :
_bill. ;
_c23 cm.
504 _aIncludes bibliographical references and index.
610 2 0 _aEuropean Economic Community.
_9109902
650 0 _aPressure groups
_zGreat Britain.
_9109901
651 0 _aGreat Britain
_xPolitics and government
_y1964-1979.
_9109602
942 _2ddc
_cBK
999 _c36107
_d36107